• 首页
  • 本馆介绍
  • 公告通知
  • 最新文献
  • 馆藏检索
  • 电子资源
  • 读者导购
  • 参考咨询
  • 我的图书馆
  • 登录
  • 详细信息显示
  • 放入我的书架
  • 预约/预借图书
  • 作者相关作品
  • 分类相关作品
  • 丛书相关作品
  • 出版社相关作品

书目信息

  • 表格格式
  • 工作单格式
  • 卡片格式
题名:
花间集校
    
 
作者: 赵崇祚 辑 ;李一氓 校
分册: 十卷  
出版信息: 北京   人民文学出版社  1985
页数: 247页
开本: 19cm
丛书名:
单 册:
中图分类: I222.843 , I222.427
科图分类:
主题词: 词(文学)--中国--五代十国时期 , 诗歌--中国 , 韵文--中国
电子资源:
ISBN:
000 00790nam0 2200289 45
001 0185011189
005 20040414145140.6
010    @dCNY0.80
091    @a10019.787
100    @a19950601d1985 em y0chiy0121 ea
101 0  @achi
102    @aCN@b110000
105    @ay z 000gy
106    @ar
200 10 @a花间集校@Ahua jian ji jiao@h十卷@f(五代)赵崇祚辑@g李一氓校
210    @a北京@c人民文学出版社@d1985
215    @a247页@d19cm
606    @a词(文学)@y中国@z五代十国时期
606 0  @a诗歌@x中国
606 0  @a韵文@x中国
690    @aI222.843@v3
690    @aI222.427
701  0 @a赵崇祚@Azhao chong zuo@f五代@4辑
702  0 @a李一氓@Ali yi meng@4校
801  0 @aCN@b上海图书馆@c20040414
801  2 @aCN@bNLC@c20040414
905    @f4@b66991-994@f1@b44302@dI222.427@e12
    
    花间集校.十卷/(五代)赵崇祚辑/李一氓校.-北京:人民文学出版社,1985
    247页;19cm
    
    
    ISBN :CNY0.80
    
●
相关链接 在E读中查询图书 在五车中查询图书 在当当中查询图书 在豆瓣中查询图书


正题名:花间集校     索取号:I222.427/12         预约/预借

序号 登录号 条形码 馆藏地/架位号 状态 备注
1 0044302   000966832   密集书库/ [索取号:I222.427/12] 在馆    
2 0066991   000964451   密集书库/ [索取号:I222.427/12] 在馆    
3 0066992   000964433   第二借阅区/ [索取号:I222.427/12] 在馆    
4 0066993   000964442   密集书库/ [索取号:I222.427/12] 在馆    
5 0066994   000964424   第一样本阅览室/ [索取号:I222.427/12] 在馆    
唐山师范学院图书馆 欢迎您!
大连网信软件有限公司© 版权所有